| 000 | 00425 a2200157 4500 | ||
|---|---|---|---|
| 020 | _a9693505891 | ||
| 040 | _aDLC | ||
| 082 |
_a891.4391 _bIQB |
||
| 100 |
_aIqbal, M. Allama. _9119432 |
||
| 245 |
_aShikwa Jawab e Shikwa _cAllama M Iqbal |
||
| 260 |
_aLahore: _bSang-e-meel Publications, _c2001. |
||
| 300 |
_a32 p. ; _c22 cm. |
||
| 500 | _aIncludes Index | ||
| 650 |
_aLiterature- urdu _9119433 |
||
| 942 |
_cBK _k891.439 IQB _2ddc |
||
| 999 |
_c5232 _d5232 |
||